Welcome to CU Library Online Public Access Catalogue (OPAC)

What is political economy?: (Record no. 5018)

MARC details
000 -LEADER
fixed length control field 00446nam a22001577a 4500
005 - DATE AND TIME OF LATEST TRANSACTION
control field 20250320162613.0
008 - FIXED-LENGTH DATA ELEMENTS--GENERAL INFORMATION
fixed length control field 250320b |||||||| |||| 00| 0 eng d
020 ## - INTERNATIONAL STANDARD BOOK NUMBER
International Standard Book Number 9780300039368
050 ## - LIBRARY OF CONGRESS CALL NUMBER
Classification number HB 73 STA
Item number 1
100 ## - MAIN ENTRY--PERSONAL NAME
Personal name STANILAND, Martin
245 ## - TITLE STATEMENT
Title What is political economy?:
Remainder of title A study of social theory and underdevelopment
260 ## - PUBLICATION, DISTRIBUTION, ETC.
Place of publication, distribution, etc. London
Name of publisher, distributor, etc. Yale university press
Date of publication, distribution, etc. 1985
300 ## - PHYSICAL DESCRIPTION
Extent xi,229p
500 ## - GENERAL NOTE
General note index,
942 ## - ADDED ENTRY ELEMENTS (KOHA)
Source of classification or shelving scheme Library of Congress Classification
Koha item type Books
Suppress in OPAC No
999 ## -
-- 5018
-- 5018

No items available.

© 2023-2024 Copyright: Central University Libraries. All Rights Reserved | Created by: Mahone Tech Office